The complete disciple. (Record no. 13029)

000 -LEADER
fixed length control field 00643nam a2200193 a 4500
001 - CONTROL NUMBER
control field :::00010847$&:&@@
003 - CONTROL NUMBER IDENTIFIER
control field OkBaRHE
005 - DATE AND TIME OF LATEST TRANSACTION
control field 20000607103403.0
008 - FIXED-LENGTH DATA ELEMENTS--GENERAL INFORMATION
fixed length control field s1985 j 000 0 eng u
040 ## - CATALOGING SOURCE
Transcribing agency
100 1# - MAIN ENTRY--PERSONAL NAME
Personal name Powell, Paul W.
245 14 - TITLE STATEMENT
Title The complete disciple.
260 ## - PUBLICATION, DISTRIBUTION, ETC. (IMPRINT)
Place of publication, distribution, etc Wheaton, IL., :
Name of publisher, distributor, etc Victor Books
Date of publication, distribution, etc 1985
300 ## - PHYSICAL DESCRIPTION
Extent 119 p. ;
Dimensions 21 cm.
650 ## - SUBJECT ADDED ENTRY--TOPICAL TERM
Topical term or geographic name as entry element Christian Life
General subdivision 1960-
942 ## - ADDED ENTRY ELEMENTS (KOHA)
Source of classification or shelving scheme
Koha item type Books
Copies
Not for loan Copy number Lost status Source of classification or shelving scheme Price effective from Date acquired Permanent Location Koha item type Full call number Barcode Date checked out Total Checkouts Current Location Withdrawn status Damaged status Shelving location Date last seen
 1  2010-04-142010-04-14RHEMA Bible Training CollegeBooksBV 4501.2 .P59610847     General Stacks2010-04-14
 2  2010-04-142010-04-14RHEMA Bible Training CollegeBooksBV 4501.2 .P596150802014-04-111RHEMA Bible Training College  General Stacks2014-04-25